Householding v bankovnictví
Ďalším trendom, ktorý finančné inštitúcie stále viac využívajú pri marketingu a predaji je založený na identifikácii a oslovení zákazníka, nielen ako jednotlivca, ale ako člena domácnosti tzv. householding. Oblasti využitia householdingu. Algoritmus pre identifikáciu domácností je vždy založený na s...
Salvato in:
| Autore principale: | |
|---|---|
| Natura: | Capitolo di libro |
| Lingua: | ceco |
| Soggetti: | |
| Tags: |
Nessun Tag, puoi essere il primo ad aggiungerne!!
|
MARC
| LEADER | 00000naa$a2200000$$$4500 | ||
|---|---|---|---|
| 001 | 0005442 | ||
| 005 | 20231004073431.2 | ||
| 041 | 0 | |a cze | |
| 044 | |a CZ | ||
| 245 | 1 | 0 | |a Householding v bankovnictví |c aut. Šárka Klofáčová |
| 520 | |a Ďalším trendom, ktorý finančné inštitúcie stále viac využívajú pri marketingu a predaji je založený na identifikácii a oslovení zákazníka, nielen ako jednotlivca, ale ako člena domácnosti tzv. householding. Oblasti využitia householdingu. Algoritmus pre identifikáciu domácností je vždy založený na spracovaní adresy. Uplatňovanie princípu householdingu v bankovníctve. | ||
| 610 | 2 | 0 | |a bankovníctvo |
| 610 | 2 | 0 | |a marketing |
| 610 | 2 | 0 | |a domácnosti |
| 100 | 1 | |a Klofáčová, Šárka | |